UCM

Introducao a Antropologia Cultural (Record no. 38272)

MARC details
000 -LEADER
fixed length control field 00450nam a22001337a 4500
008 - FIXED-LENGTH DATA ELEMENTS--GENERAL INFORMATION
fixed length control field 160915b xxu||||| |||| 00| 0 eng d
080 ## - UNIVERSAL DECIMAL CLASSIFICATION NUMBER
Universal Decimal Classification number 39
245 ## - TITLE STATEMENT
Title Introducao a Antropologia Cultural
Statement of responsibility, etc Lima, A.Mesquitela; Martinez, Benito; Lopes filho, Joao
Medium Augusto Mesquita; Benito Martinez; Joao Lopes Filho
250 ## - EDITION STATEMENT
Edition statement 6ª ed.
260 ## - PUBLICATION, DISTRIBUTION, ETC. (IMPRINT)
Place of publication, distribution, etc Lisboa
Name of publisher, distributor, etc Presenca
Date of publication, distribution, etc 1985
300 ## - PHYSICAL DESCRIPTION
Extent 219p.
Other physical details
Dimensions
Accompanying material
Type of unit
Size of unit
650 ## - SUBJECT ADDED ENTRY--TOPICAL TERM
Source of heading or term Antropologia Cultural
942 ## - ADDED ENTRY ELEMENTS (KOHA)
Source of classification or shelving scheme Universal Decimal Classification
Item type Books
Holdings
Withdrawn status Lost status Source of classification or shelving scheme Damaged status Not for loan Collection code Home library Current library Shelving location Date acquired Total Checkouts Full call number Barcode Date last seen Copy number Price effective from Koha item type
    Universal Decimal Classification   Not For Loan Reference Lichinga - Faculdade de Gestão de Recursos Florestais e Faunísticos Lichinga - Faculdade de Gestão de Recursos Florestais e Faunísticos General Stacks 15/09/2016   39 220808945 15/09/2016 1 15/09/2016 Books

Universidade Católica de Moçambique - Rua Marquês de Soveral, 960, Palmeiras II, Beira, Moçambique

Tel (Central): (+258) 23 313 077 - Fax: (+258) 23 311 520 - Email: reitoria@ucm.ac.mz - Web: www.ucm.ac.mz